| 000 | 00463nam a2200193Ia 4500 | ||
|---|---|---|---|
| 005 | 20240823032842.0 | ||
| 008 | 240823s9999||||xx |||||||||||||| ||und|| | ||
| 020 | _a978-81-907120-5-7 | ||
| 041 | _aENGLISH | ||
| 082 | _A808.80353 P8 | ||
| 100 | _aAanatharavisasthiri K A | ||
| 245 | 0 | _aIlakiyathil Manitha urimai cinthanaikal | |
| 250 | _a1st | ||
| 260 |
_c2008 _bNal |
||
| 500 | _aYES | ||
| 650 |
_aTamil Book _bGeneral |
||
| 942 | _cBK | ||
| 999 |
_c194412 _d194412 |
||